=LDR 00000nam 2200000 4500 =001 INLIS000000000022586 =005 20220824105143 =035 ##$$a 0010-061300000022586 =008 220824###########################0#ind## =041 ##$$a Ind =082 ##$$a 297.67 =090 ##$$a 2x9, Yat s =100 ##$$a Yatim, Badri =245 1#$$a Sejarah peradaban islam, Dr. Badri Yatim =260 ##$$a 2018 :$b Jakarta =300 ##$$a xiv, 338 hlm, 21 cm =650 #4$$a Pendidikan islam =850 ##$$a NBPNMAT =020 ##$$a 978-979-421-337-7 =084 ##$$a 297.67 Bad s =990 ##$$a 90886/BPAP-NTB/2014 =990 ##$$a 21662166